Descriptive Questions in Libarary & Information Science (Record no. 161847)
[ view plain ]
| 000 -LEADER | |
|---|---|
| fixed length control field | 00858nam a22002177a 4500 |
| 005 - DATE AND TIME OF LATEST TRANSACTION | |
| control field | 20190228133636.0 |
| 010 ## - LCCN (DPL NO) | |
| LC control number | B-713309 |
| 020 ## - INTERNATIONAL STANDARD BOOK NUMBER | |
| International Standard Book Number | 9788170006190 |
| Terms of availability | 900.00 |
| 035 ## - SYSTEM CONTROL NUMBER | |
| System control number | B-713309 |
| 037 ## - SOURCE OF ACQUISITION | |
| Source of stock number/acquisition | L/RP/RKbooks |
| 082 ## - DEWEY DECIMAL CLASSIFICATION NUMBER | |
| Classification number | 020 |
| 100 ## - MAIN ENTRY--PERSONAL NAME | |
| Personal name | C.Lal |
| 245 ## - TITLE STATEMENT | |
| Title | Descriptive Questions in Libarary & Information Science |
| Remainder of title | For (UGC),SLET,SET & Other Comprtitive Examinations |
| Statement of responsibility, etc | Lal.C. |
| 260 ## - PUBLICATION, DISTRIBUTION, ETC. (IMPRINT) | |
| Place of publication, distribution, etc | New Delhi |
| Name of publisher, distributor, etc | Ess Ess Publications |
| Date of publication, distribution, etc | 2010 |
| 270 ## - ADDRESS | |
| Address | 4837/24,Ansari Road ,Darya Ganj |
| City | New Delhi |
| Postal code | 110002 |
| Telephone number | 23260807,41563444 |
| Fax number | 41563334 |
| Electronic mail address | info@essessreference.com |
| 300 ## - PHYSICAL DESCRIPTION | |
| Extent | 410p |
| Dimensions | 21cm(Hb) |
| 700 ## - ADDED ENTRY--PERSONAL NAME | |
| Personal name | Lal.C |
| 700 ## - ADDED ENTRY--PERSONAL NAME | |
| Personal name | Kumar.K. |
| 942 ## - ADDED ENTRY ELEMENTS (KOHA) | |
| Source of classification or shelving scheme | Dewey Decimal Classification |
| Item type | English Books |
| Classification part | 020 |
| Call number suffix | LAL |
| Withdrawn status | Lost status | Not for loan | Collection code | Home library | Current library | Date acquired | Source of acquisition | Cost, normal purchase price | Full call number | Barcode | Copy number | Cost, replacement price | Koha item type | Public note |
|---|---|---|---|---|---|---|---|---|---|---|---|---|---|---|
| Non-fiction | Central Library | Central Library | 28/02/2019 | R.K.Books/IN3442/26.02.2019/177/09.02.2019/27.02.2019 | 900.00 | 020 LAL | B-713309 | 1 | 900.00 | English Books | RP |
